00530nam a22001697a 4500999001900000003000500019005001700024008004100041040000600082082001700088245007800105260003200183300000900215500000800224942001800232952011000250 c342317d342317NUST20171218104613.0171218b xxu||||| |||| 00| 0 eng d c0 a677.0287 NIS aTextile Chemistry (TD-214):blab manual for diploma of associate engineer aIslamabadbNISTE.NBFc2002. a30p. aP.B 2ddccBKkIESE 00102ddc40708NFICaIESEbIESEcGENd2017-12-18l0o677.0287 NISpIESE-950r2017-12-18w2017-12-18yBK